=LDR 00000nam 2200000 4500 =001 INLIS000000000015877 =005 20130612111140 =008 ***********************************Ind** =035 ##$$0010-061300000015877 =041 ##$$a Ind =082 ##$$a 372.357 =090 ##$$a 372.357, Ast i =100 ##$$a Astuti, yuni =245 ##$$a IPA, Ilmu Pengetahuan Alam kurikulum 1994 untuk sekolah dasar kelas III, Dra. Yuni Astuti ; Ir. Triyatno =260 ##$$a 1997 $b Klaten =300 ##$$a ...jil., ilm., 28 cm =650 ##$$a Pendidikan dasar - IPA =700 ##$$a Triyatno =850 ##$$a NBPNMAT